Loading...
| Current Events | 1 | 20.00 | 100% | 0% | 100% |
| Fine Arts - Auditory Fine Arts | 4 | 15.00 | 100% | 50% | 0% |
| Fine Arts - Other Fine Arts | 6 | 16.67 | 83% | 50% | 33% |
| Fine Arts - Visual Fine Arts | 5 | 12.00 | 100% | 20% | 0% |
| Geography | 1 | 10.00 | 100% | 0% | 0% |
| History - American History | 6 | 16.67 | 100% | 67% | 0% |
| History - European History | 4 | 10.00 | 50% | 25% | 25% |
| History - Other History | 5 | 16.00 | 80% | 20% | 60% |
| History - World History | 7 | 12.86 | 100% | 29% | 0% |
| Literature - American Literature | 6 | 16.67 | 100% | 50% | 17% |
| Literature - British Literature | 6 | 15.00 | 83% | 67% | 0% |
| Literature - European Literature | 7 | 18.57 | 100% | 86% | 0% |
| Literature - World Literature | 3 | 13.33 | 67% | 67% | 0% |
| Mythology | 7 | 18.57 | 100% | 57% | 29% |
| Other Academic | 2 | 10.00 | 100% | 0% | 0% |
| Philosophy | 5 | 16.00 | 100% | 60% | 0% |
| Religion | 5 | 6.00 | 60% | 0% | 0% |
| Science - Biology | 6 | 16.67 | 83% | 33% | 50% |
| Science - Chemistry | 6 | 16.67 | 100% | 33% | 33% |
| Science - Other Science | 4 | 20.00 | 100% | 25% | 75% |
| Science - Physics | 5 | 14.00 | 100% | 40% | 0% |
| Social Science | 6 | 10.00 | 67% | 33% | 0% |